The World's 50 Largest Cities by Letter - T - Statistics

General Stats
  • This quiz has been taken 1,282 times
  • The average score is 23 of 50
Answers on the Map
Answers color-coded by a green-red scale on the quiz's map according to % correct below.
 
Answer Stats
# Population Country Urban Area % Correct
1 36,697,549 Japan Tokyo
99%
5 6,804,847 Canada Toronto
98%
2 13,563,316 Iran Tehran
96%
14 2,872,207 Tunisia Tunis
95%
20 1,828,088 Italy Turin
93%
13 2,913,899 United States Tampa Bay
92%
24 1,555,446 Libya Tripoli
91%
11 3,174,057 Israel Tel Aviv
90%
7 4,198,982 Uzbekistan Tashkent
89%
16 2,157,853 Mexico Tijuana
88%
44 926,645 Albania Tirana
88%
30 1,332,370 France Toulouse
87%
4 10,048,037 Taiwan Taipei
86%
34 1,184,818 Georgia Tbilisi
85%
41 1,011,795 Greece Thessaloniki
83%
3 11,922,682 China Tianjin
80%
21 1,686,948 Honduras Tegucigalpa
76%
35 1,097,355 United States Tucson
74%
33 1,232,254 Morocco Tangier
72%
45 893,902 United States Tulsa
64%
23 1,558,693 Iran Tabriz
45%
15 2,504,388 Mexico Toluca
43%
8 4,062,585 Taiwan Taichung
38%
6 4,330,296 China Taiyuan
37%
39 1,033,023 Peru Trujillo
33%
31 1,304,057 Yemen Taiz
32%
29 1,354,782 Taiwan Tainan
30%
42 995,150 Senegal Touba
29%
26 1,488,345 Mexico Torreón
28%
37 1,081,718 Brazil Teresina
27%
48 847,488 Russia Tyumen
26%
38 1,046,970 China Taizhou (Jiangsu)
24%
10 3,261,651 China Taizhou (Zhejiang)
24%
12 3,101,157 China Tangshan
23%
9 3,799,476 India Thiruvananthapuram
21%
43 927,379 Mexico Tampico
19%
27 1,446,623 India Tiruchirappalli
15%
40 1,021,846 China Tai'an
14%
47 848,274 Mexico Tuxtla Gutiérrez
14%
25 1,499,744 India Tiruppur
13%
49 833,710 Japan Toyama
13%
32 1,300,388 China Tengzhou
12%
22 1,678,349 Egypt Tanta
10%
19 1,861,269 India Thrissur
10%
36 1,087,548 D.R. Congo Tshikapa
9%
17 2,146,195 Japan Takasaki - Maebashi
5%
50 801,385 Japan Toyohashi
5%
18 1,870,821 Indonesia Tegal - Slawi
4%
46 854,581 China Taixing
3%
28 1,366,196 India Thalassery
2%
No matching quizzes found
Score Distribution
Percent of People with Each Score
Percentile by Number Answered
Your Score History
You have not taken this quiz